¿ Delato a mi mejor amigo ? : valores y actitudes en secundaria (Record no. 145237)
[ view plain ]
| 000 -CABECERA | |
|---|---|
| campo de control de longitud fija | 00569nab a2200193 a 4500 |
| 005 - FECHA Y HORA DE LA ÚLTIMA TRANSACCIÓN | |
| campo de control | 20210223131128.0 |
| 008 - ELEMENTOS DE LONGITUD FIJA--INFORMACIÓN GENERAL | |
| campo de control de longitud fija | 991125s1985 mx 000 0 spa u |
| 035 ## - NÚMERO DE CONTROL DEL SISTEMA | |
| Número de control de sistema | UPN01000173133 |
| 100 1# - ASIENTO PRINCIPAL--NOMBRE PERSONAL | |
| Nombre de persona | Sánchez Pérez, Irisela |
| 9 (RLIN) | 34400 |
| 222 ## - TÍTULO CLAVE | |
| Título clave | ENTRE MAESTROS : |
| 222 ## - TÍTULO CLAVE | |
| Información calificativa | REVISTA PARA MAESTROS DE EDUCACION BASICA |
| 245 ## - MENCIÓN DE TÍTULO | |
| Título | ¿ Delato a mi mejor amigo ? : valores y actitudes en secundaria |
| 260 ## - PUBLICACIÓN, DISTRIBUCIÓN, ETC. | |
| Lugar de publicación, distribución, etc. | México |
| 300 ## - DESCRIPCIÓN FÍSICA | |
| Extensión | 44-57 |
| 362 0# - FECHAS DE PUBLICACIÓN Y/O DESIGNACIÓN SECUENCIAL | |
| Fecha de publicación y/o designación secuencial | 2007 Vol. 7, no. 22, sept.-dic. |
| 653 0# - TERMINO DE INDIZACION - NO CONTROLADO | |
| Término no controlado | VALORES |
| 653 0# - TERMINO DE INDIZACION - NO CONTROLADO | |
| Término no controlado | EDUCACION CIUDADANA |
| 905 ## - TIPO DE MATERIAL | |
| Tipo de material | Articulo |
No items available.
